[Event "CZE-chT2e 0405"]
[Site "Czech Republic"]
[Date "2005.04.10"]
[Round "11.6"]
[White "Cerveny, Petr"]
[Black "Filipik, Jaroslav"]
[Result "1-0"]
[WhiteElo "2098"]
[BlackElo "2064"]
[PlyCount "73"]
[EventDate "2004.10.17"]
[EventType "team"]
[EventRounds "11"]
[EventCountry "CZE"]
[SourceTitle "EXT 2007"]
[Source "ChessBase"]
[SourceDate "2006.11.23"]
[SourceVersion "1"]
[SourceVersionDate "2006.11.23"]
[SourceQuality "1"]

1. Nf3 d5 2. d4 Nf6 3. e3 Bg4 4. c4 e6 5. Qb3 Bxf3 6. Qxb7 Bxg2 7. Bxg2 Nbd7 8. Nc3 Rb8 9. Qxa7 dxc4 10. 0-0 Be7 11. Qa6 Nb6 12. a4 Nfd5 13. a5 Ra8 14. Qb5+ Qd7 15. Qxd7+ Kxd7 16. Bd2 Nxc3 17. bxc3 Nd5 18. e4 Nf6 19. Rfb1 Rhb8 20. Rxb8 Rxb8 21. e5 Nd5 22. Bf1 Rb3 23. Bxc4 Ra3 24. Rxa3 Bxa3 25. Kf1 Bb2 26. Bxd5 exd5 27. Ke2 Kc6 28. f4 Ba3 29. f5 Be7 30. Kf3 Kb5 31. Kg4 c6 32. e6 f6 33. Kh5 Ka6 34. h4 Kb5 35. Bh6 gxh6 36. Kxh6 Kxa5 37. Kxh7 1-0

[Event "CZE-chT2e 0405"]
[Site "Czech Republic"]
[Date "2005.03.20"]
[Round "10.5"]
[White "Ruzicka, Milan"]
[Black "Filipik, Jaroslav"]
[Result "1/2-1/2"]
[WhiteElo "2069"]
[BlackElo "2064"]
[PlyCount "86"]
[EventDate "2004.10.17"]
[EventType "team"]
[EventRounds "11"]
[EventCountry "CZE"]
[SourceTitle "EXT 2007"]
[Source "ChessBase"]
[SourceDate "2006.11.23"]
[SourceVersion "1"]
[SourceVersionDate "2006.11.23"]
[SourceQuality "1"]

1. d4 d5 2. Nf3 Nf6 3. Bf4 Bf5 4. e3 e6 5. Nbd2 Bd6 6. Ne5 Nbd7 7. Be2 0-0 8. 0-0 Ne4 9. Nxe4 Bxe4 10. c4 f6 11. Nxd7 Qxd7 12. Bxd6 Qxd6 13. Qb3 dxc4 14. Bxc4 Bd5 15. Rac1 Bxc4 16. Rxc4 Rab8 17. Rfc1 c6 18. f3 Rfe8 19. Ra4 a6 20. Rb4 Qd7 21. Rc5 Re7 22. Qc2 Qd6 23. a4 Rd8 24. a5 Red7 25. Qb3 Qe7 26. Rb6 Kf7 27. f4 g6 28. g4 Kg7 29. Kg2 f5 30. h3 h5 31. Re5 Re8 32. gxf5 gxf5 33. Kg3 Rg8 34. Rxe6 Kh7+ 35. Kf3 Qh4 36. Rxb7 Qxh3+ 37. Ke2 Qg2+ 38. Kd3 Qf1+ 39. Kc3 Qe1+ 40. Kc4 Qc1+ 41. Kd3 Qf1+ 42. Kc3 Qe1+ 43. Kd3 Qf1+ 1/2-1/2

[Event "CZE-chT2e 0405"]
[Site "Czech Republic"]
[Date "2004.12.05"]
[Round "4.7"]
[White "Filipik, Jaroslav"]
[Black "Hora, Vratislav"]
[Result "1/2-1/2"]
[WhiteElo "2064"]
[BlackElo "2095"]
[PlyCount "40"]
[EventDate "2004.10.17"]
[EventType "team"]
[EventRounds "11"]
[EventCountry "CZE"]
[SourceTitle "EXT 2007"]
[Source "ChessBase"]
[SourceDate "2006.11.23"]
[SourceVersion "1"]
[SourceVersionDate "2006.11.23"]
[SourceQuality "1"]

1. d4 d5 2. c4 e6 3. Nf3 Nf6 4. Bg5 Nbd7 5. Nbd2 Be7 6. e3 0-0 7. Rc1 b6 8. Bd3 Bb7 9. 0-0 c5 10. Qe2 Rc8 11. Rfe1 Ne4 12. Bxe7 Qxe7 13. cxd5 exd5 14. Bb5 Ndf6 15. Ne5 Nxd2 16. Qxd2 Ne4 17. Qe2 f6 18. Nd3 a6 19. Ba4 c4 20. Nf4 f5 1/2-1/2